[Event "Mar del Plata op 50th"]
[White "Hungaski,Robert Andrew"]
[Black "Saralegui,Adolfo Enrique"]
[Site "Mar del Plata"]
[Round "2"]
[Annotator ""]
[Result "1/2-1/2"]
[Date "2019.04.14"]
[WhiteElo "2505"]
[BlackElo "2064"]
[PlyCount "141"]

1. e4 e5 2. Nf3 Nf6 3. Nxe5 d6 4. Nf3 Nxe4 5. Nc3 Nxc3 6. dxc3 Be7 7. Be3 Nc6 8. Qd2 Be6 9. O-O-O h6 10. Kb1 Qd7 11. Nd4 Nxd4 12. Bxd4 Rg8 13. c4 c5 14. Bc3 O-O-O 15. f4 Qc6 16. Bd3 d5 17. cxd5 Bxd5 18. Qe3 Bf6 19. Be5 Bxe5 20. Qxe5 g6 21. Bb5 Bxa2+ 22. Kxa2 Qxb5 23. Kb1 Rge8 24. Qg7 Qc4 25. Qxh6 Re2 26. Rxd8+ Kxd8 27. Qg5+ Ke8 28. Rc1 b6 29. f5 Qd5 30. Qg4 Qxg2 31. Qa4+ Kf8 32. Qxa7 Qc6 33. fxg6 Qxg6 34. h4 Kg7 35. Qb8 Kh7 36. h5 Qe6 37. Qg3 Re3 38. Qf4 Re4 39. Qf2 Re2 40. Qh4 Re4 41. Qd8 c4 42. Qd2 Re2 43. Qc3 Re3 44. Qb4 c3 45. b3 Re1 46. Qxc3 Rxc1+ 47. Kxc1 Qh6+ 48. Qd2 Qxh5 49. c4 Qe5 50. Kc2 f5 51. b4 Kg6 52. Qf2 Qe4+ 53. Kc3 Qe5+ 54. Kb3 Qd6 55. Qg2+ Kf6 56. Ka4 f4 57. Kb5 Kf5 58. Qc2+ Kg4 59. Qg2+ Kf5 60. c5 bxc5 61. bxc5 Qb8+ 62. Kc4 Qe8 63. c6 Qe3 64. Qd5+ Kg4 65. Qd7+ Kg3 66. Qg7+ Kf2 67. Qd4 Kg2 68. Qg7+ Kf2 69. c7 Qe6+ 70. Kc5 f3 71. Qb2+ 1/2-1/2

[Event "Mar del Plata op 50th"]
[White "Miranda Romo,Daniel"]
[Black "Hungaski,Robert Andrew"]
[Site "Mar del Plata"]
[Round "1"]
[Annotator ""]
[Result "0-1"]
[Date "2019.04.13"]
[WhiteElo "1814"]
[BlackElo "2505"]
[PlyCount "58"]

1. c4 e5 2. g3 Nc6 3. Bg2 f5 4. Nc3 Nf6 5. d3 Bb4 6. a3 Bxc3+ 7. bxc3 O-O 8. e4 fxe4 9. dxe4 d6 10. Ne2 Be6 11. Qa4 Nd7 12. Be3 Nb6 13. Qc2 Nxc4 14. Bc1 Qd7 15. O-O Bh3 16. Rb1 Bxg2 17. Kxg2 N6a5 18. Qd3 Qc6 19. Rb4 b5 20. f4 Nb7 21. Qd5+ Qxd5 22. exd5 a6 23. a4 Nb6 24. axb5 a5 25. Rb1 Nxd5 26. Bd2 Nb6 27. Rbd1 a4 28. fxe5 Rxf1 29. Kxf1 dxe5 0-1

[Event "Buenos Aires La Porta Cup"]
[White "Hungaski,Robert Andrew"]
[Black "Axarlian,Carlos"]
[Site "Buenos Aires"]
[Round "8"]
[Annotator ""]
[Result "1-0"]
[Date "2019.03.28"]
[WhiteElo "2505"]
[BlackElo "2089"]
[PlyCount "55"]

1. Nf3 Nf6 2. c4 g6 3. Nc3 Bg7 4. e4 d6 5. d4 O-O 6. h3 c5 7. Be2 cxd4 8. Nxd4 Bd7 9. O-O Nc6 10. Be3 Nxd4 11. Bxd4 Bc6 12. Qc2 Qa5 13. a3 Qg5 14. Rad1 Rac8 15. f4 Qh4 16. Rf3 Nh5 17. Bf2 Qf6 18. Qd2 e5 19. fxe5 Qxe5 20. Qxd6 Qxd6 21. Rxd6 Be5 22. Rd1 Nf4 23. Bf1 f5 24. Nd5 fxe4 25. Ne7+ Kh8 26. Rxf4 Rfe8 27. Rf7 Ba4 28. Bd4 1-0

[Event "Buenos Aires La Porta Cup"]
[White "Della Morte,German"]
[Black "Hungaski,Robert Andrew"]
[Site "Buenos Aires"]
[Round "7"]
[Annotator ""]
[Result "1-0"]
[Date "2019.03.27"]
[WhiteElo "2366"]
[BlackElo "2505"]
[PlyCount "63"]

1. e4 e6 2. d4 d5 3. Nc3 Nf6 4. Bg5 Be7 5. e5 Nfd7 6. Bxe7 Qxe7 7. f4 a6 8. Nf3 c5 9. Qd2 Nc6 10. dxc5 Qxc5 11. O-O-O b5 12. Kb1 b4 13. Ne2 Qb6 14. f5 Ndxe5 15. Qg5 O-O 16. f6 Ng6 17. fxg7 Kxg7 18. Nf4 f6 19. Nh5+ Kh8 20. Qh6 Ra7 21. Bd3 f5 22. g4 Qd8 23. gxf5 exf5 24. Rhg1 Rg8 25. Rg5 Rf7 26. Rdg1 Qd6 27. h4 Nce5 28. Nf4 Rfg7 29. Nxe5 Qxe5 30. Nxg6+ Rxg6 31. Rxg6 Rxg6 32. Qf8+ 1-0

[Event "Buenos Aires La Porta Cup"]
[White "Hungaski,Robert Andrew"]
[Black "Giampa,Alejandro"]
[Site "Buenos Aires"]
[Round "6"]
[Annotator ""]
[Result "1-0"]
[Date "2019.03.26"]
[WhiteElo "2505"]
[BlackElo "2251"]
[PlyCount "63"]

1. e4 c5 2. Nf3 Nc6 3. d4 cxd4 4. Nxd4 g6 5. c4 Bg7 6. Be3 Nf6 7. Nc3 Ng4 8. Qxg4 Nxd4 9. Qd1 e5 10. Bd3 d6 11. O-O O-O 12. a4 Be6 13. a5 Rc8 14. Nd5 Bxd5 15. cxd5 a6 16. Qa4 f5 17. Bxd4 exd4 18. exf5 gxf5 19. f4 Kh8 20. Rfe1 Rc5 21. Re6 Qc7 22. Kf2 Rc1 23. Re1 Rxa1 24. Qxa1 Qc5 25. Qa2 b6 26. axb6 Qxb6 27. Re2 a5 28. Qa3 Rb8 29. g3 Bf8 30. h4 Qc7 31. Qa4 Qf7 32. Qxa5 1-0

[Event "Buenos Aires La Porta Cup"]
[White "Benedetti,Julio"]
[Black "Hungaski,Robert Andrew"]
[Site "Buenos Aires"]
[Round "5"]
[Annotator ""]
[Result "1/2-1/2"]
[Date "2019.03.25"]
[WhiteElo "2281"]
[BlackElo "2505"]
[PlyCount "160"]

1. e4 d6 2. d4 Nf6 3. Nc3 e5 4. Nf3 Nbd7 5. Bc4 Be7 6. O-O Nb6 7. Be2 exd4 8. Qxd4 O-O 9. h3 c6 10. a4 a5 11. Bf4 d5 12. exd5 Nbxd5 13. Nxd5 Qxd5 14. Bc4 Qxd4 15. Nxd4 Rd8 16. Rad1 Nd5 17. Be5 Bd6 18. Bxd6 Rxd6 19. Nb5 cxb5 20. Bxd5 Rb6 21. axb5 Be6 22. c4 a4 23. Rfe1 Kf8 24. Bxe6 Rxe6 25. Rxe6 fxe6 26. Kf1 Ke7 27. Ke2 a3 28. bxa3 Rxa3 29. Rd4 b6 30. g3 Ra2+ 31. Ke3 Rc2 32. Rh4 h6 33. Rg4 g5 34. h4 Kf6 35. Rd4 Ke7 36. Kf3 e5 37. Rd5 Rc3+ 38. Kg2 Ke6 39. hxg5 hxg5 40. Rd8 Rxc4 41. Rb8 g4 42. Rxb6+ Kd5 43. Rb8 Rb4 44. b6 Ke4 45. b7 Rb1 46. Kh2 Rb6 47. Kg1 Rb1+ 48. Kg2 Rb6 49. Rg8 Rxb7 50. Rxg4+ Kf5 51. Ra4 Rb2 52. Ra8 Rb3 53. Rf8+ Kg5 54. Rf3 Rb1 55. Re3 Kf5 56. Kf3 Rg1 57. g4+ Kf6 58. Rb3 Ra1 59. Rb8 Ra3+ 60. Kg2 Kg5 61. f3 Kf6 62. Re8 Ra1 63. Rf8+ Ke7 64. Rf5 Ke6 65. Rh5 Ra2+ 66. Kg3 Ra3 67. Rh6+ Kf7 68. Kf2 Rb3 69. Rc6 Ra3 70. g5 Rb3 71. Rf6+ Ke7 72. Rf5 Ke6 73. Rf8 Ke7 74. Ra8 Kf7 75. Ra6 Rc3 76. Rh6 Ra3 77. Rf6+ Ke7 78. f4 exf4 79. Rxf4 Ra5 80. Rg4 Kf7 1/2-1/2

[Event "Buenos Aires La Porta Cup"]
[White "Hungaski,Robert Andrew"]
[Black "Aguero Arce,Matias"]
[Site "Buenos Aires"]
[Round "4"]
[Annotator ""]
[Result "1-0"]
[Date "2019.03.23"]
[WhiteElo "2505"]
[BlackElo "2190"]
[PlyCount "37"]

1. e4 c5 2. Nf3 e6 3. d4 cxd4 4. Nxd4 a6 5. c4 Nf6 6. Nc3 Qc7 7. Be2 b6 8. O-O Bb7 9. Qd3 d6 10. f4 Nbd7 11. b4 Rc8 12. Bb2 h5 13. Rac1 g5 14. Nd5 exd5 15. cxd5 Qb8 16. Nc6 Qa8 17. fxg5 Bxc6 18. dxc6 Rxc6 19. Qxa6 1-0

[Event "Buenos Aires La Porta Cup"]
[White "Naboulet,Pablo Leon"]
[Black "Hungaski,Robert Andrew"]
[Site "Buenos Aires"]
[Round "3"]
[Annotator ""]
[Result "0-1"]
[Date "2019.03.22"]
[WhiteElo "1220"]
[BlackElo "2505"]
[PlyCount "72"]

1. e4 e5 2. Nf3 Nc6 3. d4 exd4 4. Nxd4 Bc5 5. Be3 Qf6 6. Nb5 Bxe3 7. fxe3 Qh4+ 8. g3 Qd8 9. Qg4 g5 10. N1c3 Ne5 11. Qd1 a6 12. Nd4 d6 13. Be2 Nf6 14. Qd2 Bh3 15. O-O-O Bg2 16. Rhg1 Nxe4 17. Nxe4 Bxe4 18. Rdf1 Qe7 19. Kb1 O-O-O 20. Rf2 h5 21. Rgf1 c5 22. Nf5 Bxf5 23. Rxf5 h4 24. g4 Rh6 25. Qd5 f6 26. h3 Kc7 27. R1f2 Rd7 28. Bf1 Nc6 29. Qd2 Qe6 30. Bg2 Re7 31. Re2 Re8 32. Qc3 Nd4 33. Qa5+ Kb8 34. Qb6 Qd7 35. Rd2 Nxf5 36. gxf5 Rxe3 0-1

[Event "Buenos Aires La Porta Cup"]
[White "Hungaski,Robert Andrew"]
[Black "Conde,Adrian"]
[Site "Buenos Aires"]
[Round "2"]
[Annotator ""]
[Result "1/2-1/2"]
[Date "2019.03.21"]
[WhiteElo "2505"]
[BlackElo "2055"]
[PlyCount "100"]

1. e4 c5 2. Nf3 e6 3. d4 cxd4 4. Nxd4 a6 5. c4 Nf6 6. Nc3 Qc7 7. a3 b6 8. Be3 Bb7 9. f3 d6 10. Rc1 Nbd7 11. b4 Be7 12. Qd2 O-O 13. Be2 Rac8 14. O-O Rfe8 15. Kh1 Qb8 16. Rc2 Bd8 17. Rfc1 Bc7 18. Bf1 Rcd8 19. Nce2 h5 20. Qe1 Rc8 21. Bg1 Ne5 22. Qd2 h4 23. h3 Qa8 24. Nc3 Ng6 25. Nde2 Nd7 26. Bf2 Nde5 27. Na4 Nd7 28. c5 bxc5 29. bxc5 Nxc5 30. Nxc5 dxc5 31. Rxc5 Rcd8 32. Qb2 Bd6 33. Ra5 Rb8 34. Qd2 Red8 35. Qe1 Be7 36. Nd4 Bf6 37. Nb3 Rbc8 38. Nc5 Bd4 39. Bxd4 Rxd4 40. Rb1 Rc7 41. Qe3 e5 42. Qb3 Qd8 43. Bc4 Bc8 44. Bd5 Nf4 45. Qb2 Nxd5 46. exd5 Rxd5 47. Qb6 Rd1+ 48. Rxd1 Qxd1+ 49. Kh2 Qe1 50. Qxc7 Qg3+ 1/2-1/2

[Event "Buenos Aires La Porta Cup"]
[White "Yantorno,Jorge"]
[Black "Hungaski,Robert Andrew"]
[Site "Buenos Aires"]
[Round "1"]
[Annotator ""]
[Result "0-1"]
[Date "2019.03.20"]
[WhiteElo "1857"]
[BlackElo "2505"]
[PlyCount "26"]

1. e4 e5 2. Nf3 Nc6 3. d4 exd4 4. Nxd4 Bc5 5. Be3 Qf6 6. c3 Nge7 7. Nc2 Bb6 8. Nba3 O-O 9. Nc4 Qg6 10. Nd2 d5 11. Qe2 dxe4 12. Bxb6 axb6 13. Nxe4 Re8 0-1

[Event "Montevideo Duchamp Cup 5th"]
[White "Hungaski,Robert Andrew"]
[Black "Lima,Darcy Gustavo Macha"]
[Site "Montevideo"]
[Round "9"]
[Annotator ""]
[Result "1/2-1/2"]
[Date "2019.02.24"]
[WhiteElo "2520"]
[BlackElo "2535"]
[PlyCount "128"]

1. e4 e6 2. d4 d5 3. Nc3 Bb4 4. e5 c5 5. Bd2 Bxc3 6. Bxc3 Ne7 7. dxc5 Nd7 8. Qg4 O-O 9. O-O-O f5 10. exf6 Nxf6 11. Qe2 Qc7 12. f3 Qxc5 13. Nh3 Nc6 14. Nf4 Qd6 15. Nd3 d4 16. Bd2 e5 17. Re1 Re8 18. Qf2 Bf5 19. g4 Bg6 20. h4 e4 21. fxe4 Nxe4 22. Qh2 Qd5 23. h5 Qxa2 24. Kd1 Qb1+ 25. Bc1 Bf7 26. h6 Bg6 27. hxg7 Rad8 28. Qf4 Rd7 29. Rh2 Rf7 30. Qh6 Rxg7 31. Rhe2 Rge7 32. Bg2 Nf6 33. Bxc6 Rxe2 34. Rxe2 Rxe2 35. Ba4 Re8 36. Bxe8 Nxe8 37. Qg5 Qa2 38. Nf4 Qf7 39. Qe5 Qd7 40. Ne6 d3 41. c4 Qa4+ 42. Ke1 Qxc4 43. Bf4 Qe4+ 44. Qxe4 Bxe4 45. Nc5 Bf3 46. g5 Ng7 47. Nxd3 Ne6 48. Be3 b6 49. Ne5 Be4 50. Nc4 Bc6 51. b4 Kg7 52. Kf2 Bb5 53. Nd6 Bd7 54. Kg3 Kg6 55. Kh4 Nc7 56. Bd2 Ne6 57. Be3 Nd8 58. Bd2 Nc6 59. Bc3 a5 60. bxa5 Nxa5 61. Bxa5 bxa5 62. Nc4 Kg7 63. Nxa5 h6 64. gxh6+ Kxh6 1/2-1/2

[Event "Montevideo Duchamp Cup 5th"]
[White "Lopez Azambuja,Nicolas"]
[Black "Hungaski,Robert Andrew"]
[Site "Montevideo"]
[Round "7"]
[Annotator ""]
[Result "1/2-1/2"]
[Date "2019.02.22"]
[WhiteElo "2320"]
[BlackElo "2520"]
[PlyCount "133"]

1. d4 d5 2. c4 dxc4 3. e3 e5 4. Bxc4 exd4 5. exd4 Nf6 6. Nf3 Be7 7. h3 O-O 8. O-O Nbd7 9. Nc3 Nb6 10. Bb3 Nbd5 11. Re1 c6 12. Ne5 Be6 13. Bc2 Re8 14. a3 Nd7 15. Qd3 Nf8 16. Ne4 f6 17. Nf3 Bf7 18. Nh4 Qd7 19. Bd2 b6 20. Ng3 g6 21. Nf3 Ne6 22. Rac1 Bf8 23. Ne4 Bg7 24. Ba4 Rac8 25. b4 Red8 26. b5 cxb5 27. Bxb5 Qe7 28. Bc4 Qf8 29. Qb3 Nec7 30. a4 Rd7 31. a5 b5 32. Bf1 a6 33. Nc5 Rdd8 34. Qd3 Re8 35. g3 Rxe1 36. Rxe1 Re8 37. Rc1 Rd8 38. Bg2 Rd6 39. Nb7 Re6 40. h4 Qb8 41. Nc5 Re7 42. Bh3 Bf8 43. Nh2 Qa8 44. Ng4 Ne6 45. Bg2 Bg7 46. Nxa6 Qxa6 47. Bxd5 Rd7 48. Ne3 Nc7 49. Bxf7+ Kxf7 50. Qb3+ Qe6 51. Qxe6+ Nxe6 52. d5 Nd4 53. Kg2 Nb3 54. Rc2 Nxd2 55. Rxd2 f5 56. a6 b4 57. Nc4 b3 58. f4 Ra7 59. Rd3 b2 60. Rb3 Rxa6 61. Ne5+ Bxe5 62. fxe5 Ra5 63. Rb7+ Kg8 64. Rxb2 Rxd5 65. Rb8+ Kf7 66. Rb7+ Ke6 67. Rxh7 1/2-1/2

[Event "Montevideo Duchamp Cup 5th"]
[White "Hungaski,Robert Andrew"]
[Black "Carbone,Diego"]
[Site "Montevideo"]
[Round "6"]
[Annotator ""]
[Result "1/2-1/2"]
[Date "2019.02.21"]
[WhiteElo "2520"]
[BlackElo "2256"]
[PlyCount "88"]

1. e4 e5 2. Nf3 Nc6 3. Bc4 Bc5 4. c3 Nf6 5. d4 exd4 6. e5 d5 7. Bb5 Ne4 8. cxd4 Bb6 9. Nc3 O-O 10. Be3 Bf5 11. Qb3 Ne7 12. O-O c6 13. Bd3 Nd2 14. Nxd2 Bxd3 15. Rfe1 Bg6 16. Na4 Nf5 17. Nxb6 Qxb6 18. Qxb6 axb6 19. a4 Ra6 20. g4 Nxe3 21. Rxe3 Rfa8 22. Rea3 h5 23. h3 hxg4 24. hxg4 c5 25. f4 Bc2 26. dxc5 bxc5 27. Rc3 Bxa4 28. Rxc5 Bc6 29. Rxa6 Rxa6 30. b3 Ra2 31. Nf3 d4 32. Nxd4 Rg2+ 33. Kf1 Rxg4 34. Ne2 Bf3 35. Rc4 g5 36. f5 Rxc4 37. bxc4 Bxe2+ 38. Kxe2 f6 39. e6 Kf8 40. c5 Ke8 41. Kf3 Ke7 42. Ke4 Ke8 43. Kd4 Kd8 44. Kd5 Ke7 1/2-1/2

[Event "Montevideo Duchamp Cup 5th"]
[White "Hungaski,Robert Andrew"]
[Black "Lujan,Carolina"]
[Site "Montevideo"]
[Round "4"]
[Annotator ""]
[Result "0-1"]
[Date "2019.02.19"]
[WhiteElo "2520"]
[BlackElo "2357"]
[PlyCount "76"]

1. d4 Nf6 2. c4 g6 3. Nc3 d5 4. Nf3 Bg7 5. Qb3 dxc4 6. Qxc4 Be6 7. Qa4+ Bd7 8. Qa3 Bc6 9. Bf4 Bxf3 10. gxf3 Qxd4 11. Bxc7 O-O 12. e3 Qd7 13. Bg3 Nc6 14. Bg2 Qd3 15. Rd1 Qc4 16. Qa4 Qxa4 17. Nxa4 Rfd8 18. Ke2 Nd5 19. f4 e6 20. Bh4 Re8 21. f5 gxf5 22. Nc5 Ne5 23. Bxd5 exd5 24. Bg3 Ng6 25. Kf3 d4 26. Nxb7 f4 27. exf4 Reb8 28. Nd6 Rxb2 29. f5 Ne5+ 30. Bxe5 Bxe5 31. Nc4 Rb5 32. Rhg1+ Kf8 33. Rg5 Bf6 34. Rh5 Rd8 35. Rd3 Rc5 36. Nb2 Rc3 37. Ke2 Rc2+ 38. Rd2 Rxb2 0-1

[Event "Montevideo Duchamp Cup 5th"]
[White "Larrea,Manuel"]
[Black "Hungaski,Robert Andrew"]
[Site "Montevideo"]
[Round "3"]
[Annotator ""]
[Result "0-1"]
[Date "2019.02.19"]
[WhiteElo "2269"]
[BlackElo "2520"]
[PlyCount "82"]

1. e4 e5 2. Nf3 d6 3. d4 exd4 4. Nxd4 Nf6 5. Nc3 Be7 6. g3 O-O 7. Bg2 Re8 8. O-O Bf8 9. Bf4 Nbd7 10. Qd2 Ne5 11. Rad1 c6 12. h3 Ng6 13. Be3 h6 14. f4 Qc7 15. Qf2 Bd7 16. g4 Nh7 17. Qg3 b5 18. h4 b4 19. Nb1 Nf6 20. f5 Nxe4 21. Bxe4 Rxe4 22. Nd2 Rxe3 23. Qxe3 Ne5 24. g5 c5 25. Ne2 hxg5 26. hxg5 Re8 27. Qg3 Qc8 28. Qf4 Bb5 29. Rf2 d5 30. Ng3 c4 31. Rh2 Qc5+ 32. Kh1 f6 33. g6 Bd6 34. Qh4 Kf8 35. Nde4 dxe4 36. Qh8+ Ke7 37. Qxg7+ Kd8 38. Qxf6+ Kc7 39. Rh7+ Nd7 40. Nh5 e3 41. Ng7 Bc6+ 0-1